00445nam a22001457a 4500041000800000082001600008100002300024245003600047260004600083300000800129650002500137942000700162952011300169999001700282 aENG a001.42bJAY aJayaker Yennamalla aA Guide to Writing and Research aNew DelhibChristian World Imprintsc2024 a129 aResearch Methodology cBK 00104070aHMIbHMIcGENd2024-02-09eDirectorg600.00l0o001.42 JAYp11004814r2026-01-16w2026-01-16yBK c23404d23404